[Event "CZE-chT2 9798"]
[Site "CZE"]
[Date "1997.??.??"]
[Round "1.3"]
[White "Cisler, Petr"]
[Black "Adamek, Zdenek"]
[Result "1/2-1/2"]
[WhiteElo "2170"]
[BlackElo "2135"]

1.e4 c5 2.Nf3 Nc6 3.Bb5 g6 4.c3 Nf6 5.e5 Nd5 6.O-O Bg7 7.d4 cxd4 8.cxd4 O-O
9.Nc3 Nxc3 10.bxc3 d6 11.exd6 Qxd6 12.a4 Bg4 13.h3 Bxf3 14.Qxf3 Rfc8 15.Re1 e6
16.Bf4 Qd8 17.Bd3 Na5 18.Be4 Rc4 19.Bxb7 Nxb7 20.Qxb7 Rxc3 21.Rad1 Qc8 22.Qe4 Qc6
23.d5 exd5 24.Rxd5 Rc4 25.Qf3 Re8 26.Rxe8+ Qxe8 27.Qd3 Rc8 28.Rd7 Qe1+ 29.Qf1 Qa5
30.Qd1 Re8 31.Qd5 Qxd5 32.Rxd5 Bc3 33.Bh6 Bg7 34.Be3 a6 35.Bd2 Bf6 36.Bh6 Bg7
37.Bxg7 Kxg7 38.Rd6 Ra8 39.Kf1 Kf8 40.Ke2 Ke7 41.Rb6 a5 42.Ke3 Rc8 43.Rb5 Ra8
44.h4 h5 45.g3 Ra6 46.Rd5 Ke6 47.Kd4 Ra8 48.Kc4 Ra7 49.Rc5 Kd6 50.f3 Ra8
51.Rg5 Kc6 52.Rd5 Ra7 53.g4 hxg4 54.fxg4 Re7 55.h5 Re1 56.Rc5+ Kd6 57.Rg5 gxh5
58.gxh5 Ke6 59.Rxa5 f5 60.h6 Rh1 61.Kd4 Rh4+ 62.Ke3 Kd6 63.Ra8 Kc6 64.Ra6+ Kb7
65.Rf6 Rxa4 66.Rxf5 Rh4 67.Rf6 Kc7 68.Kf3 Kd7 69.Kg3 Rh1 70.Kg4 Ke7 71.Ra6 Kf7
72.Ra7+  1/2-1/2

[Event "CZE-chT2 9798"]
[Site "CZE"]
[Date "1997.??.??"]
[Round "1.2"]
[White "Roj, Miroslav"]
[Black "Vodicka, Vladimir"]
[Result "1/2-1/2"]
[WhiteElo "2180"]
[BlackElo "2340"]

1.e4 c5 2.Nf3 Nc6 3.Bb5 g6 4.O-O Bg7 5.Re1 Nf6 6.e5 Nd5 7.Nc3 Nc7 8.Bxc6 dxc6
9.Ne4 Ne6 10.d3 b6 11.Be3 h6 12.a4 Nd4 13.a5 Rb8 14.axb6 axb6 15.Nxd4 cxd4
16.Bf4 Be6 17.Qd2 g5 18.Bg3 O-O 19.h4 gxh4 20.Bxh4 Qd7 21.Ng3 Kh7 22.f4 Rg8
23.Qf2 f5 24.Qe2 Bf8 25.Qh5 Rg6 26.Kf2 Bg7 27.Rh1 Rf8 28.Qd1 Bd5 29.Rh2 Rg8
30.Qh1 Bf8 31.Rg1 Rg4 32.Bg5 Qe6 33.Ne2 c5 34.Rh3 Rg6 35.Rg3 Kg7 36.Rxg4 fxg4
37.Bh4 Qf5 38.Qh2 Kf7 39.Qg3 Bg7 40.Ra1 Bxe5 41.Ra7 Bd6 42.Kg1 Re6 43.Qf2 g3
44.Bxg3 Qg4 45.Kf1 Re3 46.Ra1 Bf3 47.Ng1 Bc6 48.Bh2 Kf6 49.g3 Qe6 50.b3 b5
51.Ra6 Bd5 52.f5 Qxf5 53.Qxf5+ Kxf5 54.g4+ Ke6 55.Bf4  1/2-1/2

[Event "CZE-chT 9697"]
[Site "CZE"]
[Date "1997.??.??"]
[Round "2"]
[White "Cicak, Slavko"]
[Black "Choleva, Zdenek"]
[Result "1-0"]
[WhiteElo "2440"]
[BlackElo "2260"]

1.e4 c5 2.Nf3 Nc6 3.Bb5 Nd4 4.Nxd4 cxd4 5.O-O e6 6.c3 Bc5 7.d3 a6 8.Ba4 Ne7
9.Nd2 b5 10.cxd4 Bxd4 11.Bc2 O-O 12.Nf3 Nc6 13.Nxd4 Nxd4 14.Bb1 e5 15.Be3 Ne6
16.d4 exd4 17.Bxd4 Nxd4 18.Qxd4 Bb7 19.Bc2 Qe7 20.Rfe1 Rac8 21.Bb3 Rc5 22.Rad1 Bc6
23.f4 a5 24.a3 Re8 25.e5 a4 26.Ba2 Rc2 27.Rd2 Rxd2 28.Qxd2 Qc5+ 29.Kh1 Rc8
30.Re3 b4 31.axb4 Qb5 32.Kg1 Rb8 33.f5 Qxb4 34.Qxb4 Rxb4 35.e6 dxe6 36.fxe6 Kf8
37.Re2 f6 38.Rc2 Be8 39.Rc7 Rxb2 40.e7+  1-0

[Event "CZE-chT 9697"]
[Site "CZE"]
[Date "1997.??.??"]
[Round "2"]
[White "Hracek, Zbynek"]
[Black "Babula, Vlastimil"]
[Result "1/2-1/2"]
[WhiteElo "2630"]
[BlackElo "2535"]

1.e4 c5 2.Nf3 Nc6 3.Bb5 d6 4.O-O Bd7 5.c3 Nf6 6.Re1 a6 7.Bf1 Bg4 8.h3 Bxf3
9.Qxf3 g6 10.Rd1 Bg7 11.d4 cxd4 12.cxd4 Nd7 13.e5 O-O 14.exd6 Nxd4 15.Qxb7  1/2-1/2

[Event "CZE-chT 9697"]
[Site "CZE"]
[Date "1997.??.??"]
[Round "4"]
[White "Oral, Tomas"]
[Black "Bretsnajdr, Vladimir"]
[Result "1-0"]
[WhiteElo "2415"]
[BlackElo "2290"]

1.e4 c5 2.Nf3 Nc6 3.Bb5 d6 4.Bxc6+ bxc6 5.O-O e5 6.c3 Nf6 7.d4 cxd4 8.cxd4 Qc7
9.Qc2 Be7 10.dxe5 dxe5 11.b3 O-O 12.Bb2 Nd7 13.Rd1 f6 14.Nc3 Nc5 15.Rac1 Ne6
16.Na4 Bd7 17.Qc4 Rab8 18.Bc3 Rfd8 19.Ba5 Qxa5 20.Rxd7 Kf7 21.Rxd8 Qxd8 22.Qxc6 Ba3
23.Rf1 Rc8 24.Qa6 Qd7 25.Ne1 Rc1 26.g3 Bb4 27.Qd3 Nd4 28.Nf3 Nxf3+ 29.Qxf3 Rc2
30.Rd1 Qe7 31.Qf5 Kg8 32.Rd7 Qe8 33.Rxa7 Rxa2 34.Rc7 Rd2 35.Rc8 Rd8 36.Rxd8 Qxd8
37.Qe6+ Kf8 38.Nb6 Be7 39.Nd5 Bc5 40.b4 Bd4 41.b5 Qe8 42.Qd6+ Kf7 43.Qc7+ Kg6
44.Qc6 Qf8 45.Qd7 Bc5 46.b6 Qa8 47.b7 Qa1+ 48.Kg2 Qb2 49.Ne7+  1-0

[Event "Moravia-chT 9798"]
[Site "CZE"]
[Date "1997.??.??"]
[Round "4.4"]
[White "Baier, Pavel"]
[Black "Hrabe, Petr"]
[Result "0-1"]
[WhiteElo "2245"]
[BlackElo "2290"]

1.e4 c5 2.Nf3 Nc6 3.Bb5 g6 4.O-O Bg7 5.c3 e5 6.d3 Nge7 7.Be3 d6 8.d4 cxd4
9.cxd4 O-O 10.d5 Nb8 11.Nfd2 f5 12.f3 f4 13.Bf2 a6 14.Be2 Nd7 15.a4 g5 16.Nc4 Rf6
17.Nc3 Rg6 18.a5 h5 19.Rc1 Kh7 20.Na4 Ng8 21.Ncb6 Nxb6 22.Nxb6 g4 23.Nxc8 Rxc8
24.Bb6 Qe8 25.Rxc8 Qxc8 26.Qc1 Qe8 27.Qc4 Nh6 28.Rc1 h4 29.Qc8 Qxc8 30.Rxc8 h3
31.Rc7 gxf3 32.Bxf3 hxg2 33.Rxb7 Ng4 34.Rc7 Ne3 35.b4 Kg8 36.b5 Bf6 37.bxa6 Bh4
38.Bxe3 fxe3 39.Bxg2 e2 40.Rc1 Rg7  0-1

[Event "CZE-chT2 9798"]
[Site "CZE"]
[Date "1997.??.??"]
[Round "4.6"]
[White "Voboril, Pavel"]
[Black "Vanka, Miloslav"]
[Result "0-1"]
[WhiteElo "2215"]
[BlackElo "2270"]

1.e4 c5 2.Nf3 Nc6 3.Bb5 g6 4.c3 Bg7 5.O-O e5 6.Re1 Nge7 7.Na3 O-O 8.Nc2 a6
9.Bf1 d5 10.d3 h6 11.h3 Be6 12.c4 d4 13.Bd2 b5 14.b3 Nc8 15.Rc1 Nd6 16.Na3 b4
17.Nb1 a5 18.g3 a4 19.Bg2 axb3 20.axb3 Ra1 21.Rf1 Qd7 22.Kh2 Rfa8 23.Ng1 R8a2
24.Be1 Qa7 25.f4 Ne7 26.fxe5 Bxe5 27.Nf3 Nc6 28.Nxe5 Nxe5 29.Rf2 Rxf2 30.Bxf2 Qa2
31.Kg1 Qb2  0-1

[Event "CZE-chT2 9798"]
[Site "CZE"]
[Date "1997.??.??"]
[Round "5.5"]
[White "Boukal, Petr"]
[Black "Bauma, Jiri"]
[Result "1-0"]
[WhiteElo "2265"]
[BlackElo "2220"]

1.e4 c5 2.Nf3 Nc6 3.Bb5 Nd4 4.Nxd4 cxd4 5.O-O Qa5 6.Bc4 Nf6 7.d3 e6 8.Nd2 d5
9.exd5 exd5 10.Bb3 Be7 11.Nf3 Qc5 12.Bf4 Bg4 13.Be5 Nd7 14.Bxd4 Bxf3 15.Bxc5 Bxd1
16.Bxe7 Bxc2 17.Rfe1 Bxb3 18.axb3 Nf8 19.Bf6+ Ne6 20.Bxg7 Rg8 21.Be5 Kd7
22.Ra5 d4 23.Rd5+ Ke7 24.Rb5 b6 25.Bxd4 Rgd8 26.Bc3 Rxd3 27.Rh5 Rad8 28.Rxh7 Rd1
29.Kf1 Rxe1+ 30.Kxe1 Nf4 31.g3 Nd3+ 32.Kf1 Nc1 33.b4 Rd1+ 34.Kg2 Nd3 35.Rh4 Ne1+
36.Bxe1 Rxe1 37.Kf3 Rd1 38.Re4+ Kf6 39.Re3 Rd4 40.Rb3 b5 41.h4 Kg6 42.Kg2 f5
43.f3 Kh5 44.Kh3 Rc4 45.Ra3 Rxb4 46.Rxa7 Kg6 47.Ra6+ Kg7 48.g4 fxg4+ 49.fxg4 Rb3+
50.Kg2 b4 51.h5 Rd3 52.Rb6 b3 53.g5 Kh7 54.Rb7+ Kh8 55.g6 Rd5 56.Kf3 Rxh5
57.Rh7+ Rxh7 58.gxh7 Kxh7 59.Ke3 Kg6 60.Kd3 Kf5 61.Kc3 Ke5 62.Kxb3 Kd5 63.Kb4 Kc6
64.Ka5 Kc5 65.b4+ Kc6 66.Ka6 Kc7 67.b5  1-0

[Event "CZE-chT 9697"]
[Site "CZE"]
[Date "1997.??.??"]
[Round "7"]
[White "Karlik, Vladimir"]
[Black "Jurasek, Miroslav"]
[Result "1/2-1/2"]
[WhiteElo "2275"]
[BlackElo "2305"]

1.e4 c5 2.Nf3 Nc6 3.Bb5 g6 4.O-O Bg7 5.c3 Nf6 6.e5 Nd5 7.d4 cxd4 8.cxd4 d6
9.Nc3 Nxc3 10.bxc3 O-O 11.exd6 exd6  1/2-1/2

[Event "Decin op"]
[Site "Decin"]
[Date "1997.??.??"]
[Round "2"]
[White "Kubala, Petr"]
[Black "Petrov, Marijan"]
[Result "1-0"]
[WhiteElo "2260"]
[BlackElo "2415"]

1.e4 c5 2.Nf3 Nc6 3.Bb5 e6 4.Bxc6 dxc6 5.d3 Ne7 6.Be3 Ng6 7.Qd2 e5 8.Qc3 Qd6
9.Nbd2 f6 10.g3 Be7 11.Rg1 Be6 12.g4 Nf8 13.Nh4 g6 14.g5 Nd7 15.Nhf3 b5 16.b3 f5
17.Bf4 O-O 18.Nxe5 Nxe5 19.Bxe5 Qd8 20.f4 a5 21.a3 Qb6 22.Ke2 a4 23.b4 cxb4
24.axb4 c5 25.bxc5 Bxc5 26.d4 Be7 27.d5 b4 28.Qc7 Qb5+ 29.Kd1 Bd7 30.Qc4 Qxc4
31.Nxc4 fxe4 32.Nb6 Ra7 33.d6 Rb8 34.Nd5 Bd8 35.Kd2 Kf7 36.Ke3 Bc6 37.Nc7 Ra5
38.Rgd1 Rb7 39.Rd4 b3 40.cxb3 Rxb3+ 41.Kd2 a3 42.Rc4 Bb7 43.Bc3 Rf5 44.Kc2 Rb6
45.Be5 Rc6 46.Rxc6 Bxc6 47.Rxa3 Bxg5 48.Ra7 Bd7 49.Na6 Ke8 50.Ra8+ Kf7 51.Ra7 Ke8
52.Nb8 Bb5 53.d7+ Ke7 54.Bc7 Rc5+ 55.Kb3 Rxc7 56.Rxc7 Bxf4 57.Rb7 Bxb8 58.d8=Q+ Kxd8
59.Rxb8+  1-0

[Event "DEN-chT 9697"]
[Site "?"]
[Date "1997.??.??"]
[Round "4"]
[White "Jaksland, Tim"]
[Black "Olsen, Nils Linde"]
[Result "1-0"]
[WhiteElo "2225"]
[BlackElo "2285"]

1.e4 c5 2.Nf3 Nc6 3.Bb5 g6 4.Bxc6 bxc6 5.O-O Nf6 6.e5 Nd5 7.Re1 Bg7 8.c4 Nc7
9.d4 cxd4 10.Qxd4 O-O 11.Nc3 d5 12.Qh4 Ne6 13.Bh6 Rb8 14.Rad1 Rb4 15.b3 Qa5
16.Bd2 dxc4 17.Ne4 c5 18.Bxb4 cxb4 19.Qxe7 c3 20.Nf6+ Kh8 21.Nd5 Nc5 22.Ng5 Be6
23.Nxe6 fxe6 24.Ne3 Ne4 25.Rd7 Rg8 26.Ng4 Qc5 27.Rxe4 Qxe7 28.Rxe7 Rc8 29.Ne3 c2
30.Nxc2 Rxc2 31.Rc4 Rxc4 32.bxc4 Bxe5 33.Rxa7 Bc3 34.Rb7  1-0

[Event "Dhaka"]
[Site "Dhaka"]
[Date "1997.??.??"]
[Round "2"]
[White "Prasad, Devaki V"]
[Black "Reefat bin Satter"]
[Result "1/2-1/2"]
[WhiteElo "2450"]
[BlackElo "2410"]

1.e4 c5 2.Nf3 Nc6 3.Bb5 e6 4.O-O Nge7 5.b3 Nd4 6.Nxd4 cxd4 7.c3 a6 8.Bd3 Nc6
9.cxd4 Nxd4 10.Bb2 Bc5 11.Nc3 O-O 12.e5 d5 13.Qh5 Nf5 14.Bxf5 exf5 15.Ne2 Be6
16.Rac1 Be7 17.Nd4 g6 18.Qe2 Qa5 19.a3 Rfc8 20.Qd3 Bg5 21.b4 Qa4 22.Nb3 b6
23.Nd4 Be7 24.h3 Bf8 25.Rfe1 Bh6 26.g3 Bg7 27.f4 Bf8 28.Kh2 a5 29.bxa5 bxa5
30.Rxc8 Rxc8 31.Qa6 Rc4 32.Nxe6 Rc6 33.Qb7 fxe6 34.Rc1 Rc2 35.Rxc2 Qxc2 36.Bc3 Qa4
37.Qc8 Kf7 38.Qc7+ Be7 39.Qxa5 Qxa5 40.Bxa5 Bxa3 41.Kg2 Ke8 42.Kf3 Be7 43.g4 fxg4+
44.hxg4 Kd7 45.Bb6 Bf8 46.Bf2 Kc6 47.f5 gxf5 48.gxf5 exf5 49.Kf4 Bh6+ 50.Kxf5 Bxd2
51.e6 Bc3 52.e7 Kd7 53.e8=Q+ Kxe8 54.Ke6  1/2-1/2

[Event "Dhaka"]
[Site "Dhaka"]
[Date "1997.??.??"]
[Round "12"]
[White "Plaskett, Jim"]
[Black "Rahman, Ziaur"]
[Result "0-1"]
[WhiteElo "2455"]
[BlackElo "2480"]

1.e4 c5 2.Nf3 Nc6 3.Bb5 d6 4.O-O Bd7 5.c3 Nf6 6.Re1 a6 7.Bxc6 Bxc6 8.d4 Bxe4
9.Bg5 Bc6 10.c4 h6 11.Bxf6 gxf6 12.Nc3 Qc7 13.Rb1 Rg8 14.Nd5 Bxd5 15.cxd5 c4
16.Rc1 Qa5 17.Rxc4 Qxd5 18.Qc2 Rd8 19.Nh4 e6 20.Rc7 f5 21.g3 f4 22.Ng2 fxg3
23.hxg3 Be7 24.Nf4 Qxd4 25.Re4 Qf6 26.Rxb7 Rg5 27.Qa4+ Kf8 28.Nxe6+ fxe6
29.Qxa6 Rc8 30.Kg2 Rc2 31.Re2 Rxe2 32.Qxe2 Qf5 33.Kg1 Rh5 34.g4 Qb1+ 35.Kg2 Qh1+
36.Kg3 Rh3+ 37.Kf4 Bg5+  0-1

[Event "Dresden (Women)"]
[Site "Dresden"]
[Date "1997.??.??"]
[Round "5"]
[White "Ankerst, Milka"]
[Black "Heinatz, Gundula"]
[Result "1/2-1/2"]
[WhiteElo "2170"]
[BlackElo "2200"]

1.e4 c5 2.Nf3 Nc6 3.Bb5 g6 4.O-O Bg7 5.Re1 a6 6.Bxc6 dxc6 7.h3 Nf6 8.d3 O-O
9.Nc3 Re8 10.Be3 b6 11.a4 a5 12.Qd2 e5 13.Rad1 Ra7 14.Nh2 Be6 15.b3 Rd7 16.Qe2 Nh5
17.Ng4 Nf4 18.Qd2 h5 19.Nh2 Qg5 20.Bxf4 Qxf4 21.Nf1 Bh6 22.Ne2 Qxd2 23.Nxd2 b5
24.Nc3 Rb8 25.Nf3 f6 26.Rb1 b4 27.Nd1 Rbd8 28.Kf1 Kf7 29.Ne3 Bxe3 30.Rxe3 g5
31.h4 g4 32.Ng1 Kg6  1/2-1/2

[Event "ROM-ch op (Women)"]
[Site "Eforie Nord"]
[Date "1997.??.??"]
[Round "?"]
[White "Peptan, Corina"]
[Black "Diaconu, Raluca"]
[Result "1-0"]
[WhiteElo "2460"]
[BlackElo "2045"]

1.e4 c5 2.Nf3 Nc6 3.Bb5 g6 4.O-O Bg7 5.c3 Nf6 6.Re1 O-O 7.d3 d5 8.e5 Ne8
9.Bxc6 bxc6 10.Be3 Rb8 11.Bxc5 Rxb2 12.Qa4 Qc7 13.Nbd2 Rb5 14.Qxa7 Qxa7 15.Bxa7 Bf5
16.Nd4 Rb2 17.Nxf5 gxf5 18.Nf3 Nc7 19.Bc5 Ra8 20.a4 Ne6 21.Bxe7 Nf4 22.d4 Ne2+
23.Kf1 Nxc3 24.a5 Bf8 25.Bxf8 Kxf8 26.Re3 Nb5 27.e6 Rb4 28.exf7 Nxd4 29.Nxd4 Rxd4
30.Re8+ Rxe8 31.fxe8=Q+ Kxe8 32.a6 Rb4 33.a7  1-0

[Event "RUS-Cup5"]
[Site "Ekaterinburg"]
[Date "1997.??.??"]
[Round "2"]
[White "Totsky, Leonid"]
[Black "Egorov, Evgeni"]
[Result "1/2-1/2"]
[WhiteElo "2495"]
[BlackElo "2375"]

1.e4 c5 2.Nf3 Nc6 3.Bb5 g6 4.O-O Bg7 5.c3 Nf6 6.Qa4 Qb6 7.Re1 O-O 8.h3 d6
9.d4 cxd4 10.cxd4 a6 11.Bf1 Bd7 12.d5 Ne5 13.Qd1 Nxf3+ 14.Qxf3 Rfc8 15.Nc3 Be8
16.Rb1 Nd7 17.Be3 Qd8 18.Qd1 b5 19.Bd4 Bxd4 20.Qxd4 Qb6 21.Qd2 b4 22.Nd1 Rc5
23.Ne3 Rac8 24.b3 a5 25.Kh1 Rc3 26.f4 Qc5 27.Bc4 Nb6 28.Rbc1 Nxc4 29.Nxc4 Bb5
30.Rxc3 bxc3 31.Qxc3 Bxc4 32.bxc4 Qxc4 33.Qxc4 Rxc4 34.Re3 Kf8 35.g3 Rc1+
36.Kg2 Rc2+ 37.Kf3 Rxa2 38.Rb3 Rc2 39.Rb8+ Kg7 40.Rb7 Rc3+ 41.Kf2 Kf6 42.e5+ dxe5
43.fxe5+ Kxe5 44.Rxe7+ Kxd5 45.Rxf7 h5 46.Ra7 Rc5 47.Rg7 Kc4 48.Rxg6 a4 49.g4 a3
50.Kg3 Kb4 51.Re6 a2 52.Re1 Kb3 53.Kh4 Kb2 54.g5 Rc1 55.Re2+ Rc2 56.Re1 Rc1
57.Re2+  1/2-1/2

[Event "RUS-Cup5"]
[Site "Ekaterinburg"]
[Date "1997.??.??"]
[Round "4"]
[White "Yandemirov, Valeri"]
[Black "Kabanov, Nikolai"]
[Result "1-0"]
[WhiteElo "2500"]
[BlackElo "2275"]

1.e4 c5 2.Nf3 Nc6 3.Bb5 g6 4.O-O Bg7 5.c3 e5 6.d4 cxd4 7.cxd4 exd4 8.Bf4 Nge7
9.Bd6 a6 10.Bd3 O-O 11.Nbd2 Re8 12.Bc4 Na5 13.Bxf7+ Kxf7 14.b4 Kg8 15.bxa5 Nc6
16.e5 Nxa5 17.Rc1 Nc6 18.Ne4 Bxe5 19.Nxe5  1-0

[Event "RUS-Cup5"]
[Site "Ekaterinburg"]
[Date "1997.??.??"]
[Round "5"]
[White "Sadvakasov, Darmen"]
[Black "Vokarev, Sergey"]
[Result "0-1"]
[WhiteElo "2405"]
[BlackElo "2530"]

1.e4 c5 2.Nf3 Nc6 3.Bb5 g6 4.O-O Bg7 5.c3 Nf6 6.d4 cxd4 7.cxd4 Nxe4 8.d5 Nd6
9.Na3 Ne5 10.Nxe5 Bxe5 11.Re1 Bf6 12.Bh6 Nf5 13.Qd2 a6 14.Rac1 Ng7 15.Bf1 d6
16.Bg5 Bxg5 17.Qxg5 e5 18.Qxd8+ Kxd8 19.Nc4 Ne8 20.Nb6 Rb8 21.Rc3 f6 22.Rec1 Bf5
23.Bd3 Bxd3 24.Rxd3 h5 25.h4 Rh7 26.Rg3 Rg7 27.b4 f5 28.a4 f4 29.Rgc3 Rc7
30.Rxc7 Nxc7 31.Rc3 Na8 32.Nxa8 Rxa8 33.g3 Kd7 34.gxf4 Rf8 35.fxe5 dxe5 36.b5 axb5
37.axb5 Rf6 38.Kg2 Kd6 39.Rd3 e4 40.Rd2 Rf4 41.b6 Rf6 42.Kg3 Rf3+ 43.Kg2 Rd3
44.Rb2 Rxd5 45.Rb4 Ke5 46.f3 exf3+ 47.Kxf3 Rd3+ 48.Kg2 Kd5 49.Rb1 Kc5 50.Rc1+ Kxb6
51.Rb1+ Kc6 52.Rc1+ Kd7 53.Rb1 Kc7 54.Rc1+ Kb8 55.Rb1 Rd4 56.Kh3 Kc7 57.Rc1+ Kd6
58.Rb1 Kc6 59.Rc1+ Kd7 60.Rb1 Kc7 61.Rc1+ Kb8 62.Rb1 Rd6 63.Kg3 Rf6 64.Rb2 b6
65.Rb1 Kb7 66.Rb2 Kc6 67.Rc2+ Kd5 68.Rb2  0-1

[Event "RUS-Cup5"]
[Site "Ekaterinburg"]
[Date "1997.??.??"]
[Round "5"]
[White "Ibraev, Nurlan"]
[Black "Skatchkov, Pavel"]
[Result "0-1"]
[WhiteElo "2320"]
[BlackElo "2370"]

1.e4 c5 2.Nf3 Nc6 3.Bb5 Nf6 4.Bxc6 dxc6 5.d3 Bg4 6.Bg5 h6 7.Bxf6 exf6 8.Nbd2 Bd6
9.Nc4 Bc7 10.h3 Be6 11.Qd2 Qe7 12.Ne3 f5 13.Qc3 fxe4 14.Qxg7 O-O-O 15.dxe4 Ba5+
16.c3 Bc7 17.e5 Rdg8 18.Qf6 Qxf6 19.exf6 Bd8 20.Nd2 Bxf6 21.f4 Bh4+ 22.Ke2 Rd8
23.f5 Bd7 24.Ne4 Kc7 25.Nxc5 Rhe8 26.Kf3 Re5 27.Nd3 Ree8 28.Nf4 Re5 29.g4 Rde8
30.Neg2 Bg5 31.h4 Bxf4 32.Kxf4 Re2 33.Rhg1 c5 34.Rae1 Rxg2 35.Rxe8 Rxg1 36.Rh8 Rg2
37.Rxh6 Rxb2 38.Rh7 f6 39.Rf7 Rxa2 40.Rxf6 Rh2 41.h5 a5 42.g5 Rh4+ 43.Ke5 Rxh5
44.Rg6 Rh1 45.Rg8 Re1+ 46.Kf6 Rf1 47.g6 Bxf5 48.Ra8 Bc2+ 49.Ke5 Bxg6  0-1

[Event "RUS-Cup5"]
[Site "Ekaterinburg"]
[Date "1997.??.??"]
[Round "6"]
[White "Yandemirov, Valeri"]
[Black "Smirnov, Pavel"]
[Result "1/2-1/2"]
[WhiteElo "2500"]
[BlackElo "2345"]

1.e4 c5 2.Nf3 Nc6 3.Bb5 e6 4.Bxc6 bxc6 5.d3 Be7 6.O-O Qc7 7.Qe2 e5 8.Na3 d6
9.Nc4 f5 10.exf5 Bxf5 11.Nh4 Bxh4 12.Qh5+ Bg6 13.Qxh4 Ne7 14.f4 O-O 15.fxe5 Rxf1+
16.Kxf1 dxe5 17.Be3 Nf5 18.Qg5 Nxe3+ 19.Qxe3 e4 20.Kg1 exd3 21.cxd3 Re8 22.Qxc5  1/2-1/2

[Event "Momotov mem"]
[Site "Enakievo"]
[Date "1997.??.??"]
[Round "?"]
[White "Baklan, Vladimir"]
[Black "Ivanov, Victor L"]
[Result "1-0"]
[WhiteElo "2530"]
[BlackElo "2390"]

1.e4 c5 2.Nf3 Nc6 3.Bb5 e6 4.O-O Nge7 5.c3 d5 6.exd5 Qxd5 7.Qe2 g6 8.d4 cxd4
9.Bg5 Bg7 10.Bxe7 Kxe7 11.Bxc6 bxc6 12.cxd4 Rd8 13.Nc3 Qa5 14.Qe4 Rb8 15.Ne5 Bxe5
16.dxe5 Rxb2 17.Qh4+ Kf8 18.Ne4 Rd4 19.Qh6+ Ke7 20.Qg5+ Kd7 21.Rad1 Qb6 22.h3 Kc7
23.Qe7+ Bd7 24.Kh1 Rc2 25.Qxf7 c5 26.Qe7 Qc6 27.Nxc5 Rxf2 28.Nxe6+ Qxe6 29.Rc1+ Rc4
30.Rxc4+ Qxc4 31.Qd6+  1-0

[Event "Momotov mem"]
[Site "Enakievo"]
[Date "1997.??.??"]
[Round "?"]
[White "Baklan, Vladimir"]
[Black "Timoshenko, Georgy"]
[Result "1/2-1/2"]
[WhiteElo "2530"]
[BlackElo "2510"]

1.e4 c5 2.Nf3 Nc6 3.Bb5 d6 4.O-O Bd7 5.Re1 Nf6 6.h3 a6 7.Bf1 g5 8.d4 g4 9.d5 gxf3
10.dxc6 Bxc6 11.Qxf3 e6 12.Nc3 Be7 13.Bf4 b5 14.Rad1 Ra7 15.Qe3 Rd7 16.e5 dxe5
17.Bxe5 Rg8 18.Rxd7 Nxd7 19.Bg3 Nf6 20.Be5 Nd7 21.Bg3 Nf6 22.Be5  1/2-1/2

[Event "Momotov mem"]
[Site "Enakievo"]
[Date "1997.??.??"]
[Round "?"]
[White "Ivanov, Victor L"]
[Black "Kiselev, Sergey"]
[Result "1/2-1/2"]
[WhiteElo "2390"]
[BlackElo "2485"]

1.e4 c5 2.Nf3 Nc6 3.Bb5 g6 4.O-O Bg7 5.Nc3 d6 6.Bxc6+ bxc6 7.d3 e5 8.Ne1 Nf6
9.f4 exf4 10.Bxf4 Nh5 11.Be3 O-O 12.Qd2 Rb8 13.Nd1 f5 14.exf5 Bxf5 15.Rb1 Qd7
16.b3 Rbe8 17.Nf2 Nf6 18.Nf3 Nd5 19.Bh6 Bc3 20.Qc1 Rf6 21.Qg5 Rf7 22.Qh4 Re2
23.Ng5 Bf6 24.Rbe1 Rxc2 25.g4 Be6 26.Nfe4 Be7 27.Rxf7 Bxf7 28.Rf1 Be6 29.Bg7 h5
30.gxh5 Bxg5 31.Nxg5 Kxg7 32.h6+ Kh8 33.Rf8+ Bg8 34.h7 Rc1+ 35.Kf2 Rc2+ 36.Kg1 Rc1+
37.Kf2 Rc2+ 38.Kg1 Rc1+ 39.Kf2 Rc2+ 40.Kg1 Rc1+  1/2-1/2

[Event "Momotov mem"]
[Site "Enakievo"]
[Date "1997.??.??"]
[Round "?"]
[White "Ivanov, Victor L"]
[Black "Timoshenko, Georgy"]
[Result "0-1"]
[WhiteElo "2390"]
[BlackElo "2510"]

1.e4 c5 2.Nf3 Nc6 3.Bb5 d6 4.O-O Bd7 5.Re1 Nf6 6.c3 a6 7.Bf1 Bg4 8.h3 Bh5
9.d4 e5 10.d5 Nb8 11.a4 Be7 12.a5 Nbd7 13.Nbd2 O-O 14.Qb3 Rb8 15.Nh2 Bg6
16.g4 h6 17.Bg2 Re8 18.Nhf1 Nf8 19.Ng3 Bh7 20.Nc4 Ng6 21.Nf5 Bf8 22.Qb6 Qxb6
23.axb6 Red8 24.g5 hxg5 25.Bxg5 Nf4 26.Bxf6 gxf6 27.Nce3 Bg6 28.Kh2 Kh7 29.Bf3 Bh6
30.Bg4 Nh5 31.Nxh6 Kxh6 32.Bxh5 Kxh5 33.f3 Kh6 34.Rg1 Kg7 35.Rg3 Kf8 36.Rag1 Ke7
37.Rc1 Rh8 38.Rcg1 Rh5 39.R1g2 Rbh8 40.Rg1 f5 41.exf5 Bxf5 42.Nxf5+ Rxf5
43.Kg2 Rfh5 44.Rh1 a5 45.Ra1 Ra8 46.Rg4 Ra6 47.b4 cxb4 48.cxb4 a4 49.Rc4 Kf6
50.Rc7 Rxb6 51.Rxa4 Rh4 52.Ra8 Kg7 53.Rd8 Rf4 54.Rdd7 Rbxb4 55.Rxb7 Rbd4
56.Rxd6 Rd2+ 57.Kg3 Rd3 58.Rd8 Rfxf3+ 59.Kg4 Rf4+ 60.Kg5 Rg3+ 61.Kh5 Rxh3+  0-1

[Event "Momotov mem"]
[Site "Enakievo"]
[Date "1997.??.??"]
[Round "?"]
[White "Kuzmin, Gennadi P"]
[Black "Timoshenko, Georgy"]
[Result "1/2-1/2"]
[WhiteElo "2535"]
[BlackElo "2510"]

1.e4 c5 2.Nf3 Nc6 3.Bb5 d6 4.d4 cxd4 5.Qxd4 Bd7 6.Bxc6 Bxc6 7.Nc3 Nf6 8.Bg5 e6
9.O-O-O Be7 10.Rhe1 O-O 11.e5 dxe5 12.Qh4 Qc7  1/2-1/2

[Event "Fencible Masters"]
[Site "Fencible"]
[Date "1997.??.??"]
[Round "1"]
[White "Kulashko, Aleksei"]
[Black "Sermek, Drazen"]
[Result "0-1"]
[WhiteElo "2380"]
[BlackElo "2575"]

1.e4 c5 2.Nf3 Nc6 3.Bb5 e6 4.O-O Nge7 5.Nc3 Nd4 6.b4 a6 7.Be2 Nxe2+ 8.Nxe2 cxb4
9.Bb2 d5 10.Ng3 Nc6 11.Re1 d4 12.e5 Be7 13.Re4 d3 14.cxd3 Qxd3 15.Ne1 Qd5
16.d3 b5 17.Nh5 Kf8 18.Qg4 Rg8 19.Nf4 Qd7 20.Qh5 h6 21.d4 Nd8 22.d5 Bb7 23.Rd1 Qe8
24.Qf3 g5 25.d6 Bxd6 26.exd6 gxf4 27.Qh5 Rg6 28.Rxf4 Kg8 29.Qe5 Kh7 30.Rd3 Nc6
31.Qh5 e5 32.Rh4 Qe6 33.d7 Rd8 34.Nf3 Rxd7 35.Rxd7 Qxd7 36.Ng5+ Kg7 37.Ne4 Qd5
38.Rg4  0-1

[Event "Fencible Masters"]
[Site "Fencible"]
[Date "1997.??.??"]
[Round "4"]
[White "Levi, Eddy"]
[Black "Sermek, Drazen"]
[Result "0-1"]
[WhiteElo "2260"]
[BlackElo "2575"]

1.e4 c5 2.Nf3 Nc6 3.Bb5 e6 4.O-O Nge7 5.Nc3 Nd4 6.a4 a6 7.Be2 Nec6 8.d3 g6
9.Nxd4 cxd4 10.Nb1 Bg7 11.Bd2 O-O 12.Na3 f5 13.f4 d6 14.Nc4 d5 15.exd5 exd5
16.Na3 Be6 17.Bf3 Qd6 18.g3 Rab8 19.Qe2 Bf7 20.Qg2 b5 21.axb5 axb5 22.b4 Nxb4
23.Rfb1 Nc6 24.Rxb5 Rxb5 25.Nxb5 Qc5 26.Nc7 Ne7 27.Na6 Qxc2 28.Bb4 Qxd3 29.Nc7 Rc8
30.Bxe7 Qe3+ 31.Kh1 Qxe7 32.Nxd5 Qd6 33.Re1 Kf8 34.Ra1 d3 35.Rd1 Rc2 36.Qf1 Bxd5
37.Qxd3 Bxf3+ 38.Qxf3 Qc6 39.Rd5 Kf7  0-1

[Event "FIN-chT 9798 1div A"]
[Site "?"]
[Date "1997.??.??"]
[Round "3"]
[White "Vetemaa, Juri"]
[Black "Leino, Jukka"]
[Result "1-0"]
[WhiteElo "2355"]
[BlackElo "2180"]

1.e4 c5 2.Nf3 Nc6 3.Bb5 d6 4.d4 cxd4 5.Qxd4 Bd7 6.Bxc6 Bxc6 7.Nc3 Nf6 8.Bg5 Qb6
9.Qxb6 axb6 10.Bxf6 gxf6 11.Nd4 Rc8 12.O-O-O e6 13.Rd3 Rg8 14.g3 f5 15.Nxc6 bxc6
16.exf5 exf5 17.f4 Kd7 18.Nd1 Ke6 19.Ne3 b5 20.Re1 Kf6 21.c4 bxc4 22.Nxc4 d5
23.Nb6 Bb4 24.Re5 Rcd8 25.a3 Ba5 26.Na4 Rge8 27.Rde3 Rxe5 28.Rxe5 h5 29.Re3 h4
30.Kc2 hxg3 31.hxg3 d4 32.Re5 d3+ 33.Kd1 Bc7 34.Rc5 Rd6 35.Kd2 Bb8 36.Rc3 Ba7
37.Nc5 Ke7 38.b4 Bxc5 39.bxc5 Rd4 40.Rxd3 Rc4 41.Rc3 Ra4 42.Kc2 Ke6 43.Kb3 Ra5
44.Re3+ Kf6 45.Kb4 Rb5+ 46.Kc4 Rb1 47.a4  1-0

[Event "FIN-chT 9697 Division-C"]
[Site "FIN"]
[Date "1997.??.??"]
[Round "5.1"]
[White "Kiik, Kalle"]
[Black "Kilpi, Teemu"]
[Result "1-0"]
[WhiteElo "2385"]
[BlackElo "2200"]

1.e4 c5 2.Nf3 Nc6 3.Bb5 g6 4.O-O Bg7 5.Re1 Nf6 6.e5 Nd5 7.Nc3 Nc7 8.Bxc6 dxc6
9.h3 O-O 10.d3 Ne6 11.Ne4 Qc7 12.Ng3 Nd4 13.Nxd4 cxd4 14.Bf4 Be6 15.Qd2 Rfd8
16.Ne4 Bxe5 17.Bxe5 Qxe5 18.Ng5 Qf6 19.Nxe6 fxe6 20.Re4 Rd5 21.Rae1 e5 22.R1e2 Rf8
23.Qe1 Rf7 24.f3 b6 25.Rxe5 Rxe5 26.Rxe5 Qf4 27.a4 a5 28.Re6 b5 29.b3 bxa4
30.bxa4 Qg5 31.Re5 Rf5 32.Rxe7 Rxf3 33.h4 Qg4 34.Qe6+ Qxe6 35.Rxe6 Rf5 36.Rxc6 Kf7
37.Rc4 Rd5 38.Kf2 Ke6 39.Kf3 Rf5+ 40.Ke4 Rf2 41.Kxd4 Rxg2 42.Ke3 Kd5 43.Rc7 h5
44.c4+ Kd6 45.Ra7 Rg3+ 46.Ke2  1-0

[Event "FIN-chT 9697"]
[Site "FIN"]
[Date "1997.??.??"]
[Round "6.4"]
[White "Leino, Jukka"]
[Black "Innala, Heikki Pekka"]
[Result "0-1"]
[WhiteElo "2170"]
[BlackElo "2245"]

1.e4 c5 2.Nf3 Nc6 3.Bb5 Nf6 4.Qe2 g6 5.e5 Ng4 6.h3 Nh6 7.g4 Bg7 8.Bxc6 dxc6
9.d3 O-O 10.Nc3 f6 11.Bd2 Nf7 12.O-O-O fxe5 13.Ne4 b6 14.Kb1 a5 15.Rhe1 a4
16.c4 a3 17.b3 Nd6 18.Bc3 Nxe4 19.dxe4 Qc7 20.Qe3 Rf4 21.Rd3 h6 22.Red1 Be6
23.Nh4 Kh7 24.f3 Rff8 25.Ng2 b5 26.Qxc5 bxc4 27.bxc4 Ra4 28.Ne3 Rxf3 29.Nd5 Qb8+
30.Qb6 Rf8 31.c5 cxd5 32.exd5 Qxb6+ 33.cxb6 Bd7 34.d6 e6 35.Bd2 Rb8 36.Rb3 Ra6
37.Be3 Ba4 38.d7 Bf6 39.d8=Q Bxd8 40.Rxa3 Bxb6  0-1

[Event "FIN-chT 9697"]
[Site "FIN"]
[Date "1997.??.??"]
[Round "7.1"]
[White "Maki, Veijo"]
[Black "Holmsten, Aleksei"]
[Result "0-1"]
[WhiteElo "2420"]
[BlackElo "2305"]

1.e4 c5 2.Nf3 Nc6 3.Bb5 g6 4.O-O Bg7 5.c3 Nf6 6.d4 Nxe4 7.d5 Na5 8.Re1 Nd6
9.Bf4 Nxb5 10.a4 Nxc3 11.Nxc3 d6 12.Bg5 f6 13.Bf4 O-O 14.Nd2 Bd7 15.Qe2 Re8
16.Qd3 Qb6 17.Rab1 Rac8 18.Re6 Bxe6 19.dxe6 d5 20.Qxd5 Red8 21.Qe4 Rd4 22.Qe3 Rcd8
23.Nf3 Nc4 24.Qc1 Qxe6 25.Nxd4 cxd4 26.Nb5 d3 27.b3 d2 28.Qf1 Qe4 29.Nc3 Qxf4
30.bxc4 Qd4 31.Nd1 b6 32.Qe2 Kf7 33.a5 bxa5 34.Rb5 Rd6 35.Rd5 Rxd5 36.cxd5 Qxd5
37.Kf1 f5 38.f3 a4  0-1